| 000 | 01637nam a22004337a 4500 | ||
|---|---|---|---|
| 003 | CHAP | ||
| 005 | 20220329143407.0 | ||
| 008 | 090327s2008 mx r 00010 spa d | ||
| 010 | _a95936 | ||
| 011 | _a96908 | ||
| 035 | _a107565 | ||
| 040 | _cCHAP | ||
| 090 | _aTesis | ||
| 100 | 1 |
_aFernández Hernández, Hugo Rafael. _940206 |
|
| 245 | 1 | 0 |
_aPerfil del rebrote de la asociación alfalfa - ovillo en primavera _c/por Hugo Rafael Fernández Hernández |
| 260 |
_aChapingo, Méx. : _bEl autor, _c2008 |
||
| 300 |
_a42 h. : _bcuadros, gráfs. |
||
| 502 | _aTesis (Ing. Agr. Esp. en Zootecnia) -- UACH. Departamento de Zootecnia | ||
| 530 | _aTambién disponible en línea | ||
| 590 |
_aALEPH _b10 _c20130110 _lUCH01 _h1527 |
||
| 590 |
_aBATCH-UPD _b10 _c20130110 _lUCH01 _h0514 |
||
| 590 |
_aBATCH-UPD _b10 _c20130410 _lUCH01 _h0152 |
||
| 590 |
_aBATCH-UPD _b10 _c20130914 _lUCH01 _h0016 |
||
| 590 |
_aBATCH-UPD _b10 _c20130914 _lUCH01 _h2134 |
||
| 590 |
_aBATCH-UPD _b10 _c20140324 _lUCH01 _h1510 |
||
| 590 |
_aBATCH-UPD _b10 _c20141002 _lUCH01 _h0839 |
||
| 590 |
_aCONVERSION _b10 _c20130109 _lUCH01 _h1353 |
||
| 650 | 1 | 4 |
_aAlfalfa como forraje. _93899 |
| 650 | 1 | 4 |
_aAlfalfa _xAnálisis. _93848 |
| 650 | 1 | 4 |
_aAlfalfa _xCrecimiento. _93858 |
| 650 | 1 | 4 |
_aAlfalfa _xProteinas. _93884 |
| 650 | 1 | 4 |
_aAlfalfa _xVariedades. _93893 |
| 650 | 1 | 4 |
_aForrajes _xRendimiento. _942593 |
| 856 |
_3Finding aid _uhttp://10.13.5.2/tesis/107565.pdf _zTeclea aqui |
||
| 901 | _aBK | ||
| 942 | _cFOLL | ||
| 949 |
_aTesis _bBC _cTES _d33724002089256 _eTS2 _fc.2 _gDonaciØn _h49034 _i107565 _sb |
||
| 949 |
_aTesis _bBC _cTES _d33724002089298 _eTS1 _gDonaciØn _h49033 _i107565 _sb |
||
| 999 |
_c95936 _d95936 |
||